000 00268nam a2200109 4500
008 160625b xxu||||| |||| 00| 0 eng d
100 _91149
_a Heinz, W.C
245 _aThe Surgeon
260 _aN.Y
_b Doubleday & Com.Inc.
_c1963
300 _aThe Surgeon
942 _2ddc
_cBK
999 _c931
_d931